000
00340nam a22001577a 4500
003
OSt
005
20210921153422.0
008
210921b |||||||| |||| 00| 0 eng d
020
_a
8122417116
040
_c
hU
082
_a
330.015195
245
_a
Econometrics
260
_a
New DELHI
_b
LTE
_c
2006
300
_a
682
942
_2
ddc
_c
BOOKS
_n
0
999
_c
5609
_d
5609